000 00660nas a2200217 4500
001 BR0801017
003 BR-BrBNA
005 20231205111618.0
007 ta
008 230509b bl.|||p| |||| 00| 00por d
040 _aBR-BrBNA
_bpor
_cBiblioteca Nacional de Agricultura
041 _a(En)
072 _aL10
100 1 _aSilva, G.S.
245 1 _aPhylogenetic relationships within owenildae rioja (Polychaeta, annelida)
650 _aGENÉTICA
650 _aVERME
773 0 _tRevista Brasileira de Zoologia (Brazil)
_xISSN 0101-8175
_g(Dec 2002), v. 19(4) p. 1000-1010
_wBR0801017
909 _a202311
_bLúcia
_c55
_dLúcia Elande
942 _2AGRIS
_n0
_cANA
999 _c193536
_d193536